Los santos y los patronos: en el arte y en las imágenes populares /
Editorial Edibesa le ofrece aprender a identificar a los santos patronos en diferentes representaciones artícas (escultura, pintura), su vida y muerte. Un libro excepcional, de gran calidad y formato.
| Hovedforfatter: | |
|---|---|
| Andre forfattere: | |
| Format: | Bog |
| Sprog: | Spanish Italian |
| Udgivet: |
Madrid:
Edibesa,
2013.
|
| Udgivelse: | Primera edición. |
| Fag: |
MARC
| LEADER | 00000cam a2200000 i 4500 | ||
|---|---|---|---|
| 003 | Ucuenca | ||
| 005 | 20230626134509.0 | ||
| 006 | a|||||r|||| 001 | | ||
| 007 | ta | ||
| 008 | 170614t20132013it aaaagr|||| 001 | spa a | ||
| 020 | |a 978-84-15662-82-2 | ||
| 040 | |b spa |a UCuenca-cdrjbv |c UCuenca |e rda | ||
| 041 | 1 | |a spa |h ita | |
| 082 | 0 | |2 22 |a 700 |c 253128 | |
| 100 | 1 | |a Lanzi, Fernando. |e autor |9 202752 | |
| 245 | 1 | 4 | |a Los santos y los patronos: |b en el arte y en las imágenes populares / |c Fernando Lanzy y Gioia Arzenton. |
| 250 | |a Primera edición. | ||
| 264 | 1 | |a Madrid: |b Edibesa, |c 2013. | |
| 264 | 4 | |c ©2013 | |
| 300 | |a 264 páginas: |b ilu |c 27 cm | ||
| 336 | |2 rdacontent |a texto |b txt | ||
| 337 | |2 rdamedia |a no mediado |b n | ||
| 338 | |2 rdacarrier |a volumen |b nc | ||
| 500 | |3 Libro digitalizado | ||
| 504 | |a ii | ||
| 520 | 3 | |a Editorial Edibesa le ofrece aprender a identificar a los santos patronos en diferentes representaciones artícas (escultura, pintura), su vida y muerte. Un libro excepcional, de gran calidad y formato. | |
| 650 | 1 | 7 | |9 202742 |a Imagenes populares |
| 650 | 1 | 7 | |9 56705 |a Santos |
| 650 | 1 | 7 | |9 1435 |a Arte |
| 700 | 1 | |a Arzenton, Goia. |9 202754 |e autor | |
| 942 | |c BK |2 ddc |r bladimir.cabrerar@ucuenca.edu.ec | ||
| 999 | |c 151371 |d 151371 | ||